Knitted egg cosies

Bibliographic Details
Main Author: Johns, Susie
Format: Book
Published: Kent : Search Press Ltd , 2011
Series:Twenty to make
Subjects:

MARC

LEADER 00000cam a2200000 7i4500
001 0000041013
005 20140529.0
008 140528
020 |a 1844486342 
090 0 0 |a 746.432043   |b JOH 
100 1 |a Johns, Susie 
245 1 0 |a Knitted egg cosies   |c Susie Johns 
260 |a Kent :   |b Search Press Ltd ,   |c 2011 
440 |a Twenty to make 
650 0 |a Knitting   |x Patterns 
650 0 |a Stuffed animals (toys) 
999 |a 0001292768   |b Book   |c Adult Collection   |e Perbadanan Perpustakaan Awam Johor